Widok standardowy
Widok MARC
Pozycja Topical Term
Liczba rekordów, w których użyto hasła: 1
001 - Numer kontrolny
- control field: 40864
003 - Identyfikator numeru kontrolnego
- control field: NUKAT
005 - Data i czas ostatniej modyfikacji
- control field: 20260429121651.0
008 - Dane kontrolne kodowane (40 znaków)
- fixed length control field: 120103 ||a|znnbabn |a ana |c
010 ## - Numer kontrolny Biblioteki Kongresu
- numer kontrolny LC: s 2012304088
040 ## - Instytucja sporządzająca rekord
- inst. przygot. dane do rek. khw: KR U/PAW
- język haseł przedmiotowych/tezaurus: kaba
- inst. wprow. rek. khw: KR U/PAW
- inst. modyf. rek. khw: KR U/DP
150 ## - Hasło - nazwa pospolita
- nazwa posp. lub nazwa geogr. na pocz.: Orędzie biskupów polskich do biskupów niemieckich (1965).
450 ## - Trop zob. - nazwa pospolita
- nazwa posp. lub nazwa geogr. na pocz.: List biskupów polskich do biskupów niemieckich (1965).
450 ## - Trop zob. - nazwa pospolita
- nazwa posp. lub nazwa geogr. na pocz.: Sprawa orędzia biskupów polskich do biskupów niemieckich (1965).
550 ## - Trop zob. też - nazwa pospolita
- podpole kontrolne: g
- nazwa posp. lub nazwa geogr. na pocz.: Kościół katolicki
- określnik geograficzny: Polska
- określnik chronologiczny: 1945-1990.
551 ## - Trop zob. też - nazwa geograficzna
- podpole kontrolne: g
- nazwa geograficzna: Polska
- określnik rzeczowy: stosunki
- określnik geograficzny: Niemcy
- określnik chronologiczny: 1945-1990.
670 ## - Źródło informacji
- źródło informacji: KABA